00723 2200277 4500001002100000005001500021035002500036008004100061020001800102082001400120090002000134100002200154245004900176250002500225260003400250300002500284500001100309650001400320999002100334007000300355040001700358084001600375850001200391990002100403990002100424YOGYA-0411000000042520221228095908 a0010-041100000000425110406s1998 yoi 1 ind d a979-672-099-X04223a321.8 aCB-D.11 1998-540 aDadang Juliantara aMeretas jalan demokrasi /cDadang Juliantara aCetakan pertama 1998 aYogyakarta :bKanisius,c1998 a191 halaman ;c23 cm aIndeks aDemokrasi aCB-D.11 1998-054ta aYOPDYOGbind a321.8 DAD m aYOPDYOG aCB-D.11/1998-054 aCB-D.11/1998-054